Statistics for End of Unit Project - Psychology

Click here to take the quiz!

General Stats

  • This quiz has been taken 4 times
  • The average score is 4 of 16

Answer Stats

HintAnswer% Correct
The magical number 7 ± 2 refers to the capacity of __________ memory.short-term
100%
The hippocampus creates new ____ lasting memories.long
67%
Depth perception is the ability to perceive the world in three dimensions and judge ________ of objects.distance
33%
___ is the month for mental health awareness.May
33%
Hearing is the ability to sense _____ to process, so they gain information.sound
33%
Synesthesia is the trait that automatically __________ one sense after one sense has been stimulated.stimulates
33%
Sensation is when there is any ___________ an identifiable/specific sense organ.stimulation
33%
Retrieving memories can __________ memory links.strengthen
33%
Nurture is referring to the after-birth _________ of a person.behaviors
0%
Taste is how we ______ dissolving things in our mouth.detect
0%
Nature is referring to the _______ traits that are passed on to cause certain behaviors.genetic
0%
Illusions are special perceptual experiences in which information arising from “real” external stimuli leads to an _________ perception.incorrect
0%
Sensory interaction is interaction between senses and how they _________ each other.influence
0%
Perception is the ______________ of sensory information.interpretation
0%
Encoding failure is when the brain fails to form a memory ____.link
0%
Vision is the mental image of something. It is how we ____ things.view
0%

Score Distribution

Percentile by Number Answered

Percent of People with Each Score

Your Score History

You have not taken this quiz